1920 1476 1452 1952 1904 1295 1521 1606 1667 1791 1986 1220 1673 1363 1235 1384 1349 1834 1058 1381 1779 1861 1344 1261 1782 1904 1703 1619 1906 1024 1752 1294 1269 1903 1914 1289 1961 1993 1616 1315 1305 1165 1341 1384 1765 1387 1817 1619 1810 1413 1805 1417 1853 1069 1663 1867 1603 1977 1816 1191 1768 1097 1259 1671 1237 1793 1787 1807 1619 1109 1260 1251 1008 1808 1588 1404 1576 1941 1218 1905 1696 1497 1908 1122 1178 1809 1208 1301 1287 1040 1107 1232 1947 1520 1784 1620 1121 1962 1419 BCNSPRNW ULIB Ver.6.0+V

เปลี่ยนเป็นภาษาไทย

Change to English
 แสดงรายละเอียดบรรณานุกรม
  กลับหน้าหลัก

Brief Record : Get Marc (ISO 2709) : E-mail record : QR code < ปิดหน้าต่าง
LEADER : 00000nam 2200000uu 4500
001    13399111394
003     ULIB
008    110623s||||||||th 000 0 tha d
020    9749461630 (ล.2)
020    9789749461631
050  4 BQ336^bต398ค ล.2 2551
100 0  นัท ฮันห์,^cติช
245 10 คือเมฆสีขาว ทางก้าวเก่าแก่ เล่ม2/^cติช นัท ฮันห์, เขียน ; รสนา โตสิตระกูล, สันติสุข โสภณสิริ, แปล
250    พิมพ์ครั้งที่ 4
260    กรุงเทพฯ :^bมูลนิธิโกมลคีมทอง,^c2551
300    3 เล่ม :^bภาพประกอบ ;^c21 ซม.
650  7 พระพุทธเจ้า
700 0  รสนา โตสิตระกูล,^eผู้แปล
700 0  สันติสุข โสภณสิริ,^eผู้แปล
945    ^p180^l0^i024880
995    ทศพร
999 ^a ใช้งานได้ทุกระบบ
รายการนี้ยังไม่มีแท็ก
คุณยังไม่ได้ล็อกอิน คุณสามารถมีกิจกรรมร่วมกับเว็บไซต์ได้ แต่ต้องล็อกอินก่อน ::
  ล็อกอิน

รายการสื่อสารสนเทศ

ลำดับที่ ประเภท เลขเรียก/บาร์โค้ด สถานที่ สถานะ
- ไม่พบข้อมูล -

รายการใกล้เคียง
    หัวเรื่อง [พระพุทธเจ้า]

BibComment


ยังไม่เคยถูกคอมเมนท์

คอมเมนท์ทรัพยากรรายการนี้
  คอมเมนท์: คือเมฆสีขาว ทางก้..


 Copyright 2026. Bcnsprnw @Library